Contracts and trust in alliances : discovering, creating and appropriating value /

Saved in:
Bibliographic Details
Main Author: Vlaar, Paul W. L.
Format: Book
Language:English
Published: Cheltenham, UK ; Northampton, Mass. : Edward Elgar, c2008.
Subjects:
Tags: Add Tag
No Tags, Be the first to tag this record!
LEADER 00804cam a22002414a 4500
001 012103473-9
005 20091029120840.0
008 080425s2008 maua b 001 0 eng
010 |a  2008927958 
020 |a 9781847205179 (hardback) 
035 0 |a ocn220005213 
040 |a DLC  |c DLC  |d DLC  |d MH-L 
050 0 0 |a HD69.S8  |b V58 2008 
082 0 4 |a 658.044  |2 22 
100 1 |a Vlaar, Paul W. L. 
245 1 0 |a Contracts and trust in alliances :  |b discovering, creating and appropriating value /  |c Paul W.L. Vlaar. 
260 |a Cheltenham, UK ;  |a Northampton, Mass. :  |b Edward Elgar,  |c c2008. 
300 |a xi, 338 p. :  |b ill. ;  |c 24 cm. 
504 |a Includes bibliographical references (p. 280-326) and index. 
650 0 |a Strategic alliances (Business) 
650 0 |a Joint ventures. 
988 |a 20091022 
906 |0 DLC